Statistics for North American Sports Teams 1990-91

Click here to take the quiz!

General Stats

  • This quiz has been taken 38 times
    (24 since last reset)
  • The average score is 83 of 119

Answer Stats

HintAnswer% Correct
Alberta NHL:Edmonton Oilers
94%
Texas NFL:Houston Oilers
94%
British Columbia CFL:BC Lions
88%
Alberta NHL:Calgary Flames
88%
Colorado NFL:Denver Broncos
88%
Michigan NFL:Detroit Lions
88%
California NFL:Los Angeles Rams
88%
Arizona NFL:Phoenix Cardinals
88%
California NFL:San Francisco 49ers
88%
California MLB:San Francisco Giants
88%
Missouri MLB:St. Louis Cardinals
88%
Florida NFL:Tampa Bay Buccaneers
88%
Georgia NFL:Atlanta Falcons
82%
California MLB:California Angels
82%
Illinois NFL:Chicago Bears
82%
Wisconsin NFL:Green Bay Packers
82%
Indiana NFL:Indianapolis Colts
82%
California NBA:Los Angeles Clippers
82%
California NHL:Los Angeles Kings
82%
California NBA:Los Angeles Lakers
82%
Florida NBA:Miami Heat
82%
Minnesota NFL:Minnesota Vikings
82%
New Jersey NHL:New Jersey Devils
82%
New Jersey NBA:New Jersey Nets
82%
Louisiana NFL:New Orleans Saints
82%
New York NFL:New York Giants
82%
New York NFL:New York Jets
82%
California NBA:Sacramento Kings
82%
California NFL:San Diego Chargers
82%
California MLB:San Diego Padres
82%
Utah NBA:Utah Jazz
82%
British Columbia NHL:Vancouver Canucks
82%
Manitoba NHL:Winnipeg Jets
82%
Georgia MLB:Atlanta Braves
76%
Georgia NBA:Atlanta Hawks
76%
Illinois NHL:Chicago Blackhawks
76%
Illinois MLB:Chicago Cubs
76%
Ohio NFL:Cincinnati Bengals
76%
Ohio MLB:Cincinnati Reds
76%
Ohio NFL:Cleveland Browns
76%
Ohio NBA:Cleveland Cavaliers
76%
Texas NFL:Dallas Cowboys
76%
Texas NBA:Dallas Mavericks
76%
Colorado NBA:Denver Nuggets
76%
Michigan NBA:Detroit Pistons
76%
Michigan NHL:Detroit Red Wings
76%
Michigan MLB:Detroit Tigers
76%
Texas MLB:Houston Astros
76%
Indiana NBA:Indiana Pacers
76%
Missouri NFL:Kansas City Chiefs
76%
California MLB:Los Angeles Dodgers
76%
California NFL:Los Angeles Raiders
76%
Florida NFL:Miami Dolphins
76%
Wisconsin MLB:Milwaukee Brewers
76%
Wisconsin NBA:Milwaukee Bucks
76%
Minnesota MLB:Minnesota Twins
76%
Massachusetts NFL:New England Patriots
76%
New York NBA:New York Knicks
76%
California MLB:Oakland Athletics
76%
Pennsylvania NFL:Philadelphia Eagles
76%
Arizona NBA:Phoenix Suns
76%
Pennsylvania NFL:Pittsburgh Steelers
76%
Texas MLB:Texas Rangers
76%
DC NHL:Washington Capitals
76%
Maryland MLB:Baltimore Orioles
71%
Massachusetts NHL:Boston Bruins
71%
Massachusetts NBA:Boston Celtics
71%
Massachusetts MLB:Boston Red Sox
71%
Illinois NBA:Chicago Bulls
71%
Illinois MLB:Chicago White Sox
71%
Minnesota NHL:Minnesota North Stars
71%
Minnesota NBA:Minnesota Timberwolves
71%
Quebec NHL:Montreal Canadiens
71%
New York NHL:New York Rangers
71%
New York MLB:New York Yankees
71%
Florida NBA:Orlando Magic
71%
Pennsylvania NBA:Philadelphia 76ers
71%
Pennsylvania NHL:Philadelphia Flyers
71%
Pennsylvania MLB:Philadelphia Phillies
71%
Pennsylvania NHL:Pittsburgh Penguins
71%
Pennsylvania MLB:Pittsburgh Pirates
71%
Texas NBA:San Antonio Spurs
71%
Washington MLB:Seattle Mariners
71%
Washington NFL:Seattle Seahawks
71%
Missouri NHL:St. Louis Blues
71%
Ontario MLB:Toronto Blue Jays
71%
Ontario NHL:Toronto Maple Leafs
71%
DC NFL:Washington Redskins
71%
New York NFL:Buffalo Bills
65%
New York NHL:Buffalo Sabres
65%
Alberta CFL:Calgary Stampeders
65%
North Carolina NBA:Charlotte Hornets
65%
Ohio MLB:Cleveland Indians
65%
California NBA:Golden State Warriors
65%
Connecticut NHL:Hartford Whalers
65%
Texas NBA:Houston Rockets
65%
Missouri MLB:Kansas City Royals
65%
Quebec MLB:Montreal Expos
65%
New York NHL:New York Islanders
65%
New York MLB:New York Mets
65%
Oregon NBA:Portland Trail Blazers
65%
Quebec NHL:Quebec Nordiques
65%
Washington NBA:Seattle SuperSonics
65%
Alberta CFL:Edmonton Eskimos
53%
Ontario CFL:Ottawa Rough Riders
53%
Saskatchewan CFL:Saskatchewan Roughriders
53%
DC NBA:Washington Bullets
53%
Manitoba CFL:Winnipeg Blue Bombers
47%
Ontario CFL:Toronto Argonauts
41%
Ontario CFL:Hamilton Tiger-Cats
35%
Illinois NPSL:Illinois Thunder
29%
Georgia NPSL:Atlanta Attack
18%
Illinois NPSL:Chicago Power
18%
Michigan NPSL:Detroit Rockers
18%
Pennsylvania NPSL:Hershey Impact
18%
Wisconsin NPSL:Milwaukee Wave
18%
New York NPSL:New York Kick
18%
Ohio NPSL:Canton Invaders
12%
Ohio NPSL:Dayton Dynamo
12%

Score Distribution

Percentile by Number Answered

Percent of People with Each Score

Your Score History

You have not taken this quiz since the last reset